| 000 | 01402cam a2200337 a 4500 | ||
|---|---|---|---|
| 001 | sugarlumporphanc00simm | ||
| 003 | CaSfIA | ||
| 005 | 20210119085356.0 | ||
| 007 | cr|||| | ||
| 008 | 940803s1994 txu j 000 1 eng | ||
| 010 | _a 94072713 | ||
| 040 |
_aDLC _cDLC _dOCL _dBAKER _dBTCTA _dIFA _dCaSfIA |
||
| 020 | _a0964257300 | ||
| 020 | _a9780964257306 | ||
| 035 | _a(OCoLC)31795306 | ||
| 042 | _alcac | ||
| 050 | 0 | 0 |
_aPZ7.S59185 _bSu 1994 |
| 082 | 0 | 0 |
_a[Fic] _220 |
| 100 | 1 | _aSimmons, Lynn Sheffield. | |
| 245 | 1 | 0 |
_aSugar Lump, the orphan calf / _h[electronic resource] _cby Lynn Sheffield Simmons ; [illustrator, Lin Hampton]. |
| 260 |
_aArgyle, Tex. : _bArgyle Books, _cc1994. |
||
| 300 |
_avi, 44 p. ; _c23 cm. |
||
| 650 | 1 |
_aCows _vFiction. |
|
| 650 | 0 |
_aCows _vJuvenile fiction. |
|
| 700 | 1 |
_aHampton, Lin, _eill. |
|
| 856 | 4 | 1 |
_uhttp://www.archive.org/details/sugarlumporphanc00simm _zFree eBook from the Internet Archive |
| 856 | 4 | 2 |
_uhttp://www.openlibrary.org/books/OL1128507M _zAdditional information and access via Open Library |
| 942 | _cEB | ||
| 506 | _fНеобхідна авторизація на https://archive.org/ (створення облікового запису безкоштовно) | ||
| 506 | _fНеобхідна авторизація на https://openlibrary.org/ (створення облікового запису безкоштовно) | ||
| 999 |
_c553855 _d553855 |
||